000 00585nam a2200181 4500
001 143129
003 ES-MaACL
005 20230906200731.0
007 t|
008 070214s1962 sp r ||||1| spa d
111 2 _aSemana Social de España (
_cGranada (
_d1961) (
_n. 20ª)
_9220860
245 1 0 _aAspectos sociales del desarrollo económico a la luz de la encíclica `Mater et Magistra`.
260 _aMadrid :
_bRialp,
_c1962.
300 _a643 p. ;
_c25 cm.
500 _aPrecede al tít.: XX Semana-Granada 1961.
852 _aES-MaACL
_jC-21920
_bR.50673
999 _c143129
_d143129